[Event "HUN-chT2 Szechenyi 0607"]
[Site "Hungary"]
[Date "2007.04.15"]
[Round "8"]
[White "Kaszas, Sandor"]
[Black "Takacs, Tamas"]
[Result "1-0"]
[WhiteElo "2030"]
[BlackElo "2227"]
[PlyCount "107"]
[EventDate "2006.11.12"]
[EventType "team-tourn"]
[EventRounds "11"]
[EventCountry "HUN"]
[SourceTitle "EXT 2008"]
[Source "ChessBase"]
[SourceDate "2007.11.25"]
[SourceVersion "1"]
[SourceVersionDate "2007.11.25"]
[SourceQuality "1"]
[WhiteTeam "Zala Volan"]
[BlackTeam "Sarvar"]
[WhiteTeamCountry "HUN"]
[BlackTeamCountry "HUN"]

1. e4 c6 2. d4 d5 3. Nc3 g6 4. Be3 Bg7 5. e5 h5 6. Qd2 Nh6 7. f4 Nf5 8. Bf2 b5 9. Bd3 Nh6 10. h3 Bf5 11. Nf3 Nd7 12. 0-0-0 Nb6 13. Bxf5 Nxf5 14. g4 hxg4 15. hxg4 Rxh1 16. Rxh1 Nh6 17. Rh4 Qc8 18. f5 gxf5 19. Rxh6 Bxh6 20. Qxh6 fxg4 21. Ng5 Qf5 22. Qxc6+ Kd8 23. Be3 Qf1+ 24. Nd1 Rc8 25. Qh6 Nc4 26. e6 Nxe3 27. Nxf7+ Kc7 28. Qxe3 Qf5 29. Nf2 Kb6 30. c3 Rc6 31. Nh6 Qxe6 32. Qxe6 Rxe6 33. Nhxg4 Re2 34. Nd3 a5 35. a3 Kc7 36. Nf4 Re4 37. Nxd5+ Kd6 38. Nde3 e6 39. Kd2 Rf4 40. Ke2 Rf8 41. Ne5 Rb8 42. Nd3 Rh8 43. Nd1 Rf8 44. Nc5 Rb8 45. Nf2 b4 46. axb4 axb4 47. c4 Ra8 48. Nfd3 Rh8 49. Ne4+ Ke7 50. Nxb4 Rh2+ 51. Nf2 Rh4 52. Kd3 Rf4 53. Ke3 Rh4 54. Nbd3 1-0

[Event "HUN-chT2 Szechenyi 0607"]
[Site "Hungary"]
[Date "2006.12.17"]
[Round "4"]
[White "Solyomvari, Roxanne"]
[Black "Kaszas, Sandor"]
[Result "1-0"]
[WhiteElo "2005"]
[BlackElo "2030"]
[PlyCount "61"]
[EventDate "2006.11.12"]
[EventType "team-tourn"]
[EventRounds "11"]
[EventCountry "HUN"]
[SourceTitle "EXT 2008"]
[Source "ChessBase"]
[SourceDate "2007.11.25"]
[SourceVersion "1"]
[SourceVersionDate "2007.11.25"]
[SourceQuality "1"]
[WhiteTeam "Haladas II"]
[BlackTeam "Zala Volan"]
[WhiteTeamCountry "HUN"]
[BlackTeamCountry "HUN"]

1. e4 e5 2. Nf3 Nc6 3. Bb5 a6 4. Ba4 Nf6 5. 0-0 b5 6. Bb3 Bc5 7. c3 d6 8. h3 0-0 9. d4 Bb6 10. Re1 Bb7 11. Bc2 h6 12. b3 Re8 13. Bb2 exd4 14. cxd4 Nb4 15. Nbd2 Nxc2 16. Qxc2 d5 17. e5 Nh7 18. Qf5 Re6 19. Nf1 Bc8 20. Qf4 Nf8 21. Ne3 Rg6 22. Qh4 Qd7 23. Ba3 Ba5 24. Rec1 b4 25. Rc5 Bb6 26. Rxd5 Qe6 27. Rd8 Bb7 28. d5 Bxd5 29. Nxd5 Rxd8 30. Qxd8 Bc5 31. Nf4 1-0

[Event "HUN-chT2 Szechenyi 0607"]
[Site "Hungary"]
[Date "2006.12.03"]
[Round "3"]
[White "Kaszas, Sandor"]
[Black "Szabo, Zoltan"]
[Result "1-0"]
[WhiteElo "2030"]
[BlackElo "2320"]
[PlyCount "81"]
[EventDate "2006.11.12"]
[EventType "team-tourn"]
[EventRounds "11"]
[EventCountry "HUN"]
[SourceTitle "EXT 2008"]
[Source "ChessBase"]
[SourceDate "2007.11.25"]
[SourceVersion "1"]
[SourceVersionDate "2007.11.25"]
[SourceQuality "1"]
[WhiteTeam "Zala Volan"]
[BlackTeam "Peti MTE"]
[WhiteTeamCountry "HUN"]
[BlackTeamCountry "HUN"]

1. e4 e5 2. Bc4 Nc6 3. d3 Nf6 4. Nc3 Be7 5. Nge2 d6 6. 0-0 0-0 7. f4 Be6 8. Bb3 Bxb3 9. axb3 Re8 10. Ng3 Nd4 11. Nce2 c5 12. Kh1 Nc6 13. fxe5 dxe5 14. Nf5 Bf8 15. Bg5 Re6 16. Neg3 Nb8 17. Qf3 Nbd7 18. Nh5 a6 19. Nh6+ gxh6 20. Bxf6 Nxf6 21. Nxf6+ Rxf6 22. Qxf6 Qxf6 23. Rxf6 Bg7 24. Rb6 Ra7 25. Ra5 Bf8 26. b4 Be7 27. Rxh6 Kg7 28. Rh5 cxb4 29. Rhxe5 Bf6 30. Red5 Bxb2 31. Rd7 Kg6 32. g4 Bc3 33. h4 h6 34. Rf5 Kg7 35. Rfxf7+ Kg8 36. Rxb7 Ra8 37. Ra7 Rb8 38. Rfb7 Rf8 39. Rxa6 Rf1+ 40. Kg2 Rf8 41. Rg6+ 1-0

[Event "Budapest Spring op 22nd"]
[Site "Budapest"]
[Date "2006.03.26"]
[Round "4"]
[White "To, Nhat Minh"]
[Black "Kaszas, Sandor"]
[Result "1-0"]
[WhiteElo "2175"]
[BlackElo "2066"]
[PlyCount "89"]
[EventDate "2006.03.23"]
[EventType "swiss"]
[EventRounds "9"]
[EventCountry "HUN"]
[SourceTitle "CBM 111 Extra"]
[Source "ChessBase"]
[SourceDate "2006.05.09"]
[SourceVersion "1"]
[SourceVersionDate "2006.05.09"]
[SourceQuality "1"]

1. e4 e5 2. Nf3 Nc6 3. Bb5 a6 4. Ba4 Nf6 5. 0-0 b5 6. Bb3 Bc5 7. a4 Rb8 8. c3 d6 9. d4 Bb6 10. axb5 axb5 11. Na3 0-0 12. Nxb5 exd4 13. Ba4 Nxe4 14. Nbxd4 Nxd4 15. Nxd4 Qh4 16. Bc6 Bb7 17. Bxb7 Rxb7 18. Qf3 Bxd4 19. cxd4 d5 20. Ra5 c6 21. Qa3 Qd8 22. Ra6 Qd7 23. Bf4 h6 24. f3 Ng5 25. Qc3 Ne6 26. Bg3 Rc8 27. Rc1 c5 28. Rd6 Qb5 29. Rxd5 Qxb2 30. Qxb2 Rxb2 31. dxc5 Rb5 32. Bd6 f6 33. Kf2 Rb2+ 34. Kf1 Rb5 35. Rc2 Kf7 36. Ke2 Nd8 37. Bf4 Ke6 38. Rd6+ Kf5 39. Be3 Nb7 40. Rd7 g5 41. c6 Nd8 42. c7 Ne6 43. Rc6 Nf4+ 44. Bxf4 gxf4 45. Rd8 1-0

[Event "Budapest Spring op 22nd"]
[Site "Budapest"]
[Date "2006.03.23"]
[Round "1"]
[White "Keschitz, Gyorgy"]
[Black "Kaszas, Sandor"]
[Result "1-0"]
[WhiteElo "2281"]
[BlackElo "2066"]
[PlyCount "54"]
[EventDate "2006.03.23"]
[EventType "swiss"]
[EventRounds "9"]
[EventCountry "HUN"]
[SourceTitle "CBM 111 Extra"]
[Source "ChessBase"]
[SourceDate "2006.05.09"]
[SourceVersion "1"]
[SourceVersionDate "2006.05.09"]
[SourceQuality "1"]

1. g3 e5 2. Bg2 d5 3. d3 f5 4. Nf3 Nc6 5. 0-0 Nf6 6. c4 dxc4 7. Qa4 Bd6 8. Qxc4 Qe7 9. Nc3 a6 10. e4 fxe4 11. dxe4 Be6 12. Nd5 Qd7 13. Ng5 Bxd5 14. exd5 Nd4 15. Ne6 b5 16. Qd3 c5 17. f4 c4 18. Qd1 Nxe6 19. fxe5 Bc5+ 20. Kh1 Nxd5 21. Qxd5 Rd8 22. Qf3 Rf8 23. Bf4 g5 24. Qh5+ Rf7 25. Bxg5 Nxg5 26. Qxg5 Qe6 27. Rxf7 Kxf7 1-0

[Event "HUN-chT2 Szechenyi 0506"]
[Site "Hungary"]
[Date "2006.02.12"]
[Round "7"]
[White "Imre, Jozsef"]
[Black "Kaszas, Sandor"]
[Result "1-0"]
[WhiteElo "2109"]
[BlackElo "2066"]
[PlyCount "97"]
[EventDate "2005.10.16"]
[EventType "team-tourn"]
[EventRounds "11"]
[EventCountry "HUN"]
[SourceTitle "EXT 2009"]
[Source "ChessBase"]
[SourceDate "2008.11.26"]
[SourceVersion "1"]
[SourceVersionDate "2008.11.26"]
[SourceQuality "1"]
[WhiteTeam "Sarvar"]
[BlackTeam "Zala Volan"]
[WhiteTeamCountry "HUN"]
[BlackTeamCountry "HUN"]

1. d4 d5 2. c4 e6 3. Nc3 c6 4. e3 f5 5. Nf3 Nf6 6. Be2 Bd6 7. Ne5 Nbd7 8. f4 0-0 9. 0-0 Ne4 10. Nxe4 fxe4 11. c5 Bc7 12. Bd2 Nf6 13. b4 Bd7 14. Bc3 Qe7 15. g4 Kh8 16. Kg2 Ng8 17. h4 Nh6 18. Rh1 b6 19. Qd2 Bxe5 20. dxe5 Rab8 21. Bd4 Qf7 22. a4 Bc8 23. cxb6 axb6 24. a5 b5 25. a6 Ra8 26. a7 Qb7 27. Qc3 Ng8 28. Ra5 Ne7 29. Qc5 Rf7 30. Rha1 Bd7 31. Ra6 Nc8 32. Kg3 Be8 33. Bf1 h6 34. Bh3 g6 35. f5 gxf5 36. gxf5 Kh7 37. f6 Qc7 38. Kg2 Bd7 39. R6a2 Qd8 40. Kh1 Qf8 41. Rg2 Qe8 42. Qc3 Ne7 43. fxe7 Qxe7 44. Qe1 Rg7 45. Rxg7+ Qxg7 46. Qg1 Qe7 47. Qg3 Be8 48. Rg1 Bh5 49. Bxe6 1-0